000 00842nas a2200265 4500
001 BR8802248
003 BR-BrBNA
005 20231205091112.0
007 ta
008 230509b bl.|||p| |||| 00| 00por d
040 _aBR-BrBNA
_bpor
_cBiblioteca Nacional de Agricultura
041 _a(Pt)
072 _aL74
100 1 _aTokarnia, C.H.
100 1 _aDobereiner, J.
100 1 _aCanella, C.F.C.
245 1 _aIntoxicacao experimental por Mascagnia rigida (Malpighiaceae)em coelhos
246 1 _aExperimental poisoning by Mascagnia rigida (Malpighiacea)in rabbits
650 _aCOELHO
650 _aINTOXICACAO ANIMAL
650 _aTINGUI
773 0 _tPesquisa Veterinaria Brasileira (Brazil)
_xISSN 0100-736X
_g(Jan-Mar 1987), v. 7(1) p. 11-16
_wBR8802248
909 _a202311
_bLúcia
_c55
_dLúcia Elande
942 _2AGRIS
_n0
_cANA
999 _c122788
_d122788